Texas State Senators 2024 - Statistics

General Stats
  • This quiz has been taken 38 times
  • The average score is 10 of 31
Answer Stats
Hint Answer % Correct
16 D Nathan Johnson
75%
8 R Angela Paxton
50%
12 R Tan Parker
50%
2 R Bob Hall
42%
1 R Bryan Hughes
42%
22 R Brian Birdwell
33%
29 D César Blanco
33%
28 R Charles Perry
33%
25 R Donna Campbell
33%
30 R Drew Springer
33%
17 R Joan Huffman
33%
20 D Juan "Chuy" Hinojosa
33%
21 D Judith Zaffirini
33%
9 R Kelly Hancock
33%
18 R Lois Kolkhorst
33%
11 R Mayes Middleton
33%
7 R Paul Bettencourt
33%
10 R Phil King
33%
3 R Robert Nichols
33%
19 D Roland Gutierrez
33%
23 D Royce West
33%
14 D Sarah Eckhardt
33%
4 R Brandon Creighton
25%
6 D Carol Alvarado
25%
15* Constituent Services
25%
31 R Kevin Sparks
25%
27 D Morgan LaMantia
25%
24 R Pete Flores
25%
13 D Borris L. Miles
17%
5 R Charles Schwertner
17%
26 D José Menéndez
17%
No matching quizzes found
Score Distribution
Percent of People with Each Score
Percentile by Number Answered
Your Score History
You have not taken this quiz